Bandiera giusta o sbagliata? #2 - Morte improvvisa - Statistics

Statistiche generali
  • Questo quiz è stato fatto 574 volte
  • Il punteggio medio è 3 su 20
Answers on the Grid
Answers color-coded by a green-red scale on the quiz's grid according to % correct below.
 
Statistiche sulle risposte
Risposta % Corretto
27%
24%
23%
22%
22%
21%
21%
19%
18%
18%
16%
16%
16%
14%
14%
13%
12%
11%
10%
8%
Nessun quiz corrispondente trovato
Distribuzione punteggi
Percentuale di utenti per punteggio
Percentile per numero di risposta
I tuoi punteggi nel tempo
Non hai fatto questo quiz